| 000 | 014160000a22003370004500 | ||
|---|---|---|---|
| 003 | EG-GICUC | ||
| 005 | 20250223025013.0 | ||
| 008 | 070920s2007 ua d f m 000 0 eng d | ||
| 040 |
_aEG-GICUC _beng _cEG-GICUC |
||
| 041 | 0 | _aEng | |
| 049 | _aDeposite | ||
| 097 | _aM.Sc | ||
| 099 | _aCai01.13.08.M.Sc.2007.Yo.S | ||
| 100 | 0 | _aYoussef Nagy Naguib | |
| 245 | 1 | 0 |
_aSpeeding up system C simulations using process splitting / _cYoussef Nagy Naguib ; Supervised Serag Eldin Habib , Rafik Safwat Guindi |
| 246 | 1 | 5 | _aاسراع المحاكاة للغة System C عن طريق تقسيم العمليات |
| 260 |
_aCairo : _bYoussef Nagy Naguib , _c2007 |
||
| 300 |
_a95P. : _bcharts ; _c30cm |
||
| 502 | _aThesis (M.Sc.) - Cairo University - Faculty Of Engineering - Department Of Electronics and Communications | ||
| 520 | _aThis theses presents a new approach that can be used to speed up systemC simulations by automatically optimizing the model for simulation.The work addresses the inefficiency of the standrad systemC scheduler that may lead | ||
| 530 | _aIssued also as CD | ||
| 653 | 4 | _aProcess splitting | |
| 653 | 4 | _aSystem C | |
| 653 | 4 | _aSystem C simulations | |
| 700 | 0 |
_aRafik Safwat Guindi , _eSupervisor |
|
| 700 | 0 |
_aSerag Eldin Habib , _eSupervisor |
|
| 856 | _uhttp://172.23.153.220/th.pdf | ||
| 905 |
_aMustafa _eRevisor |
||
| 905 |
_aNazla _eCataloger |
||
| 942 |
_2ddc _cTH |
||
| 999 |
_c3573 _d3573 |
||